000 00687 a2200193 4500
999 _c1956
_d1956
020 _a9780071549035
050 0 0 _aHF1359 BEH 2009
100 1 _aBehravesh, Nariman.
_eauthor
245 1 0 _aSpin-free economics :
_ba no-nonsense, nonpartisan guide to today's global economic debates /
_cNariman, Behravesh
264 _aNew York :
_bMcGraw-Hill,
_c2009
300 _axiv, 369 p. :
_bill. ;
500 _aincludes index.
504 _aIncludes bibliographical references (p. 335-360)
650 0 _aInternational economic relations.
650 0 _aInternational finance.
650 0 _aGlobalization
_xEconomic aspects.
650 0 _aEconomic development.
942 _2lcc
_cBK
_h1359
_iBEH
_kHF